Creativity and innovation: the ASTD trainer's sourcebook
Gorde:
| Egile nagusia: | |
|---|---|
| Formatua: | Liburua |
| Hizkuntza: | ingelesa |
| Argitaratua: |
Nueva York
McGraw-Hill
1996
|
| Gaiak: | |
| Etiketak: |
Etiketa erantsi
Etiketarik gabe, Izan zaitez lehena erregistro honi etiketa jartzen!
|
MARC
| LEADER | 00000nam a2200000 a 4500 | ||
|---|---|---|---|
| 001 | UCI0940 | ||
| 003 | CL-VaPUC | ||
| 005 | 20210820074719.0 | ||
| 008 | 070608e19960000US |||||||||||||||||eng|d | ||
| 999 | |c 325893 |d 325891 | ||
| 020 | |a 0070534452 | ||
| 040 | |c Pontificia Universidad Católica de Valparaíso | ||
| 082 | 0 | 4 | |a 658.3124 BIE 1996 |2 21 |
| 100 | 0 | |a Biech, Elaine |9 521157 | |
| 245 | 1 | 0 | |a Creativity and innovation: the ASTD trainer's sourcebook |
| 260 | |a Nueva York |b McGraw-Hill |c 1996 | ||
| 300 | |a 302 páginas | ||
| 583 | |a last modification |c 20160914 11:59:02 |k Rodrigo Vera | ||
| 650 | 0 | |a Gestión administrativa |9 375217 | |
| 650 | 0 | |a Toma de decisiones |9 257530 | |
| 650 | 0 | |a Pensamiento creativo |9 310706 | |
| 650 | 0 | |a Aptitud creadora |9 307292 | |
| 650 | 7 | |a INNOVACIONES TECNOLOGICAS |2 CL-VaPUC |9 521158 | |
| 650 | 0 | |a Negocios |9 262468 | |
| 942 | |c BK |2 ddc | ||
| 945 | |d 20070608 00:00:00 |a jtorresc | ||
| 952 | |0 0 |1 0 |2 ddc |4 0 |6 658_312400000000000_BIE_1996 |7 0 |8 A |9 407379 |a BIBENE |b BIBENE |d 2019-11-22 |i 4346157 |o 658.3124 BIE 1996 |p 4346157 |r 2025-01-15 |t 1 |w 2019-11-22 |y BK |k ICO | ||